00333nam a2200121Ia 4500008004100000041000800041082001600049100002200065245004500087260003900132300003300171365000700204240624s9999 xx 000 0 und d aeng a658.403 ROB aROBBINS STEPHEN P aDECIDE AND CONQUER MAKE WINNING DECISION c2004aNew DelhibPearson Education axxiii, : 190 : p. : cm. ; 24 cRS